Chile-Bolivia: breve historia de sus controversias
Đã lưu trong:
| Tác giả của công ty: | |
|---|---|
| Định dạng: | Sách |
| Ngôn ngữ: | Tiếng Tây Ban Nha |
| Được phát hành: |
Santiago, Chile
Academia de Historia Militar de Chile
2014
|
| Loạt: | Cuadernos para el Estudio de la Historia Militar
|
| Những chủ đề: | |
| Các nhãn: |
Thêm thẻ
Không có thẻ, Là người đầu tiên thẻ bản ghi này!
|
MARC
| LEADER | 00000cam a2200000 a 4500 | ||
|---|---|---|---|
| 001 | UCE7448 | ||
| 003 | CL-VaPUC | ||
| 005 | 20211020074444.0 | ||
| 008 | 150612e20140000cl |||||||||||||||||spa|d | ||
| 999 | |c 359543 |d 359541 | ||
| 020 | |a 978956898026 | ||
| 040 | |c Pontificia Universidad Católica de Valparaíso | ||
| 082 | 0 | 4 | |a 327.83084 ACA 2014 |2 21 |
| 110 | 2 | |a Academia de Historia Militar de Chile |e author |9 580126 | |
| 245 | 1 | 0 | |a Chile-Bolivia: |b breve historia de sus controversias |
| 260 | |a Santiago, Chile |b Academia de Historia Militar de Chile |c 2014 | ||
| 300 | |a 69 páginas | ||
| 490 | 0 | |a Cuadernos para el Estudio de la Historia Militar | |
| 583 | |a last modification |c 20150619 03:38:08 |k Rodrigo Vera | ||
| 650 | 0 | |a Relaciones Internacionales |z CHILE |z BOLIVIA |9 255740 | |
| 650 | 0 | |a Relaciones Exteriores |z CHILE |z BOLIVIA |9 255379 | |
| 650 | 0 | |a Diplomacia |z CHILE |z BOLIVIA |9 256483 | |
| 650 | 0 | |a Tratados internacionales |z CHILE |z BOLIVIA |9 256056 | |
| 852 | |a BIBCUR | ||
| 942 | |c BK |2 ddc | ||
| 945 | |d 20150612 13:50:00 |a dcastane | ||
| 952 | |0 0 |1 0 |2 ddc |3 erd |4 0 |6 327_830840000000000_ACA_2014 |7 0 |8 A |9 468777 |a BIBHIS |b BIBHIS |i 5163811 |o 327.83084 ACA 2014 |p 5163811 |r 2025-01-20 |t 1 |w 2019-11-23 |y BK |z Catalogado en:20150612 |k HIS | ||
| 952 | |0 0 |1 0 |2 ddc |3 erd |4 0 |6 327_830840000000000_ACA_2014 |7 0 |8 A |9 468778 |a BIBHIS |b BIBHIS |i 516382K |o 327.83084 ACA 2014 |p 516382K |r 2025-01-20 |t 2 |w 2019-11-23 |y BK |z Catalogado en:20150612 |k HIS | ||
| 952 | |0 0 |1 0 |2 ddc |3 erd |4 0 |6 327_830840000000000_ACA_2014 |7 0 |8 A |9 468779 |a BIBHIS |b BIBHIS |i 5163838 |o 327.83084 ACA 2014 |p 5163838 |r 2025-01-20 |t 3 |w 2019-11-23 |y BK |z Catalogado en:20150612 |k HIS | ||
| 952 | |0 0 |1 0 |2 ddc |3 erd |4 0 |6 327_830840000000000_ACA_2014 |7 0 |8 A |9 468780 |a BIBHIS |b BIBHIS |i 5163846 |o 327.83084 ACA 2014 |p 5163846 |r 2025-01-20 |t 4 |w 2019-11-23 |y BK |z Catalogado en:20150612 |k HIS | ||
| 952 | |0 0 |1 0 |2 ddc |3 erd |4 0 |6 327_830840000000000_ACA_2014 |7 0 |8 A |9 468781 |a BIBHIS |b BIBHIS |i 5163854 |o 327.83084 ACA 2014 |p 5163854 |r 2025-01-20 |t 5 |w 2019-11-23 |y BK |z Catalogado en:20150612 |k HIS | ||
| 952 | |0 0 |1 0 |2 ddc |3 erb |4 0 |6 327_830840000000000_ACA_2014 |7 0 |8 A |9 468782 |a BIBHIS |b BIBHIS |i 5343666 |o 327.83084 ACA 2014 |p 5343666 |r 2025-01-20 |t 6 |w 2019-11-23 |y BK |z Catalogado en:20160930 |k HIS | ||
| 952 | |0 0 |1 0 |2 ddc |3 erb |4 0 |6 327_830840000000000_ACA_2014 |7 0 |8 A |9 468783 |a BIBHIS |b BIBHIS |i 5343658 |o 327.83084 ACA 2014 |p 5343658 |r 2025-01-20 |t 7 |w 2019-11-23 |y BK |z Catalogado en:20160930 |k HIS | ||
| 952 | |0 0 |1 0 |2 ddc |3 erb |4 0 |6 327_830840000000000_ACA_2014 |7 0 |8 A |9 468784 |a BIBHIS |b BIBHIS |i 534364K |o 327.83084 ACA 2014 |p 534364K |r 2025-01-20 |t 8 |w 2019-11-23 |y BK |z Catalogado en:20160930 |k HIS | ||